00975nam a2200193Ia 4500003000900000005001700009008004100026040003100067040001300098041000800111100002300119100000800142245011800150260004600268300001700314490009400331500002000425520033600445IT-RoPAU20220918175852.0120407s9999 xx 000 0 und d aIT-RoPAUc20140510102126.0 cIT-RoPAU aita aCesarato M. Regina csr. aIn Cammino...bProposta celebrativa nel 40° dell’Approvazione pontificia delle Pie Discepole del Divin Maestro c1987aRoma bCasa Generalizia PDDM - CSCM a40 p.c21 cm vVol. n. 3aAnno 40° dell’Approvazione pontificia delle Pie Discepole del Divin Maestro aUso manoscritto aIndice Presentazione Noi ti rendiamo grazie - Schema per l'Adorazione Eucaristica Ricordando il Fondatore e Don Timoteo Giaccardo - Riflessione Comunitaria 1. Don Giacomo Alberione e Don Timoteo Giaccardo: un incontro provvidenziale 2. Il Fondatore affida le Pie Discepole a Don Timoteo Giaccardo 3. Frammenti preziosi Conclusione